ბათუმის შოთა რუსთაველის სახელმწიფო უნივერსიტეტის ბიბლიოთეკა

ნარკვევები ქართული მეტროლოგიის ისტორიიდან : (ბიბ.ჩანაწერი № 57016)

000 -ლიდერი
ფიქსირებული სიგრძის საკონტროლო ველი 00970nam a22002057a 4500
003 - საკონტროლო ნომრის იდენტიფიკატორი
საკონტროლო ველი Ge_BSU
005 - ბოლო ოპერაციის თარიღი და დრო
საკონტროლო ველი 20191010152415.0
008 - ფიქსირებული სიგრძის მონაცემთა ელემენტები - ზოგადი ინფორმაცია
ფიქსირებული სიგრძის საკონტროლო ველი 191010s1973 ge ||||| |||| 00| 0 geo d
041 ## - ენის კოდი
Language code of text/sound track or separate title geo
080 ## - უნივერსალური ათობითი კლასიფიკაციის ინდექსი
Universal Decimal Classification number 006.91(479.22)(09) ჯ-27
100 ## - მთავარი ჩანაწერი - პიროვნების სახელი
Relator code ჯაფარიძე, გ.
245 ## - ცნობა სათაურის შესახებ
Title ნარკვევები ქართული მეტროლოგიის ისტორიიდან :
Remainder of title IX-XIX სს. /
Statement of responsibility, etc აღმოსავლეთმცოდნეობის ინ-ტი.
264 ## - წარმოების, გამოცემის, დისტრიბუციის და სხვა ცნობები
გამოცემის, წარმოების, დისტრიბუციის... ადგილი თბ. :
გამოცემის, წარმოების, დისტრიბუციის... სახელწოდება მეცნიერება,
გამოცემის, წარმოების, დისტრიბუციის... თარიღი 1973.
300 ## - ფიზიკური აღწერა
Extent 177გვ. :
Other physical details 4ფ. ილ. ;
Dimensions 21სმ.
501 ## - შენიშვნა თანმხლებ მასალაზე
With note ტერმინთა საძიებელი გვ. 169-175.
520 ## - SUMMARY, ETC.
Summary, etc რეზ. რუს. ენ.
653 ## - INDEX TERM--UNCONTROLLED
Uncontrolled term ქართული მეტროლოგიის ისტორია
710 ## - ADDED ENTRY--CORPORATE NAME
Corporate name or jurisdiction name as entry element აღმოსავლეთმცოდნეობის ინ-ტი
9 (RLIN) 4678
942 ## - ADDED ENTRY ELEMENTS (KOHA)
Source of classification or shelving scheme
Koha item type წიგნი
ეგზემპლარები
ჩამოწერის სტატუსი დაკარგული ეგზემპლარის სტატუსი კლასიფიკაციის წყარო ან თაროზე გაწყობის სქემა დაზიანების სტატუსი არ გაიცემა მუდმივი მდებარეობა (დაცვის ადგილი) ამჟამინდელი ადგილსამყოფელი თაროზე განთავსების ადგილი შეძენის თარიღი ღირებულება, შესყიდვის ნორმალური ფასი სრული შენახვის შიფრი შტრიხკოდი ბოლო ოპერაციის თარიღი ეგზემპლარის მიმდევრობითი ნომერი (კეტერი?) ფასის ძალაში შესვლის თარიღი ეგზემპლარის სახეობა საჯარო შენიშვნა
          ბათუმის შოთა რუსთაველის სახელმწიფო უნივერსიტეტის მთავარი ბიბლიოთეკა ბათუმის შოთა რუსთაველის სახელმწიფო უნივერსიტეტის მთავარი ბიბლიოთეკა წიგნსაცავი 2019-10-10 0.80 006.91(479.22)(09) ჯ-27 5987 2019-10-10 5987 2019-10-10 წიგნი 0.80 ლ.